000 00281nam a22001217a 4500
008 230606b xxu||||| |||| 00| 0 eng d
082 _a613.2
_bUNI
100 _cUNICEF
245 _aKweli za Maisha
_bChangamoto ya Mawasiliano
260 _bUNICEF
300 _a129P
942 _2ddc
_cBK
999 _c733
_d733